000 05156nkm0a2200601 4500
001 RU\NLR\BIBL_A\022633171
005 20260204000000.0
020 _aRU
_b44-2533 (1944, № 3-4)
_9Летопись изоизданий / ВКП. - Москва, 1948. - Вып. 1944, № 3-4. - С. 80
035 _a(NLR Aleph) 022633171
090 _a88882
_c88882
100 _a20250929d1944 u y0rusy50 ca
101 0 _arus
102 _aRU
116 _adiyaxx zz ae
135 _acrcn 024anaba
181 0 _ab4
_bxb2e
182 0 _an
200 1 _aИстребляй танки врага!
_eвоинское
_e[закрытое письмо]
_fрис. худ. Ал. Заславского
203 _aИзображение
_bнеподвижное
_bдвухмерное
_bвизуальное
_cнепосредственное
210 _aКуйбышев
_cиздание Куйбышевской конторы "Главбумсбыт"
_d[1944
_eКуйбышев]
_gТип. изд-ва "Волжская коммуна"
215 _a1 л. (слож. вдвое)
_cфотомех. печ.
_d15,1х20,6 (14,1х10,7)
300 _aНа закрытом письме также текст: Смерть немецким оккупантам!
300 _aСлева внизу факс. подписи художника: Ал. Заславский
300 _aДата публикации установлена по: Летопись изобразительного искусства. 1944. № 3-4. № 2533
300 _aЦенз. разрешение: ЕО24219
300 _aВ вып. дан.: Заказ 3765
309 _aДвойной формуляр, без клеевой полосы. На оборот. стороне разлиновка отсутствует
325 _aКопия доступна в Электрон. б-ке РНБ
327 0 _aСоветский воин с противотанковой гранатой перед вражеским танком
606 1 _aПочтовые открытки маркированные художественные
_yСССР
_z1941 - 1945
_2nlr_sh2
_3RU\NLR\AUTH\661531868
606 1 _aВеликая Отечественная война
_z1941 - 1945
_xПротивотанковые операции
_jОткрытки
_2nlr_sh1
_2nlr_sh2
_3RU\NLR\AUTH\66182288
610 1 _aЗакрытые письма
686 1 _aЩ153(2)7-489
700 1 _aЗаславский
_bА. Б.
_f1909-
_gАлександр Борисович
_4040
712 0 1 _aСССР
_bГлавное управление по сбыту продукции целлюлозно-бумажной промышленности
_bКуйбышевская областная контора
_3RU\NLR\AUTH\880631893
_4650
712 0 2 _a"Волжская коммуна", издательство
_cКуйбышев
_bТипография
_3RU\NLR\AUTH\880631894
_4610
830 _aЗаславский А. Б.: http://painters.artunion.ru/2-08-1.htm, https://tramvaiiskusstv.ru/plakat/spisok-khudozhnikov/item/7810-zaslavskij-aleksandr-borisovich.html (29.09.2025). АЯ ОЭФ
830 _a"Куйбышевская областная контора по сбыту продукции предприятий бумажной промышленности главного управления по сбыту продукции предприятий бумажной промышленности «Главбумсбыт» (1934– ) ... В 1934 г. в Самаре образовано Средневолжское краевое отделение «Союзбумснабсбыт» с подчинением государственной Всесоюзной конторе по сбыту продукции предприятий бумажной промышленности Наркомата лесной промышленности СССР. С 1 октября 1934 г. реорганизовано в Средневолжское краевое отделение «Союзбумсбыт» с подчинением «Главбумпрому». С 1937 г. по 1939 г. – Куйбышевское областное отделение «Союзбумсбыт». С 1940 г. – областная контора «Главбумсбыт»": http://guides.rusarchives.ru/node/61362 (29.09.2025). АЯ ОЭФ
830 _aЛетопись изоизданий: техника печати - автотипия. АЯ ОЭФ
852 0 0 _aNLR
_bЭ
_jО-ЗП-3/1944-З
_mЭот101023
856 0 _uhttps://vivaldi.nlr.ru/lo500030003/view
856 1 _uhttps://vivaldi.nlr.ru/lo500030003/cover
856 2 _uhttps://vivaldi.nlr.ru/lo500030003/text
942 _cVISUAL
945 _aРоссийская национальная библиотека
980 _aNB
980 _aBV
981 1 7 _a(17) Изографические материалы
_b(17) Открытки